[Event "23rd EUR-ch"]
[Site "Vrnjacka Banja SRB"]
[Date "2023.03.08"]
[Round "6.205"]
[White "Blagojevic, Tijana"]
[Black "Garifulin, Yury"]
[Result "1/2-1/2"]
[WhiteElo "2238"]
[BlackElo "1975"]
[EventDate "2023.03.03"]
[PlyCount "119"]

1.e4 c5 2.Nf3 d6 3.d4 cxd4 4.Qxd4 Nc6 5.Bb5 Bd7 6.Qd3 g6 7.O-O Bg7 8.c4 
Nf6 9.Nc3 O-O 10.h3 a6 11.Bxc6 Bxc6 12.Nd4 Bd7 13.Be3 Rc8 14.Rac1 Be6 15.
b3 Qa5 16.f4 Nd7 17.Qb1 Nb8 18.f5 Bd7 19.Nd5 Qd8 20.Qd3 Nc6 21.Nxc6 Bxc6 
22.Bd4 Bxd5 23.exd5 Bxd4+ 24.Qxd4 Qa5 25.Rce1 Qxa2 26.fxg6 hxg6 27.Rf4 Rc7
28.Rh4 f6 29.Qd3 Kg7 30.Qe3 Rg8 31.Qh6+ Kf7 32.Rhe4 Qxb3 33.h4 a5 34.h5 
Qg3 35.Qd2 gxh5 36.Qe2 Rg4 37.Rxe7+ Rxe7 38.Qxe7+ Kg6 39.Qe8+ Kg5 40.Qe2 
h4 41.Qd2+ Qf4 42.Qxf4+ Rxf4 43.c5 dxc5 44.Rd1 Re4 45.d6 Re8 46.Rd5+ f5 
47.Rxc5 Rd8 48.Rxa5 Rxd6 49.Rb5 b6 50.Kh2 Kg4 51.Rb4+ f4 52.Rb5 Re6 53.Rb3
Rh6 54.Rb4 h3 55.g3 Kf3 56.Rxf4+ Ke3 57.Rb4 Kd3 58.g4 Kc3 59.g5 Rg6 60.Rg4
1/2-1/2

[Event "23rd EUR-ch"]
[Site "Vrnjacka Banja SRB"]
[Date "2023.03.08"]
[Round "6.206"]
[White "Nikanova, Ekaterina"]
[Black "Krzywda, Andrzej"]
[Result "0-1"]
[WhiteElo "2032"]
[BlackElo "2235"]
[EventDate "2023.03.03"]
[PlyCount "36"]

1.e4 e5 2.Nf3 Nf6 3.Nxe5 d6 4.Nf3 Nxe4 5.Nc3 Nxc3 6.dxc3 Be7 7.Be3 Nd7 8.
Qd2 Ne5 9.O-O-O Nxf3 10.gxf3 Be6 11.Kb1 f6 12.Bd4 Rg8 13.f4 Qd7 14.c4 c5 
15.Bc3 O-O-O 16.b3 d5 17.f5 Bxf5 18.cxd5 Bd6 0-1

[Event "23rd EUR-ch"]
[Site "Vrnjacka Banja SRB"]
[Date "2023.03.08"]
[Round "6.207"]
[White "Miletic, Vuk"]
[Black "Bozinovic, Boban"]
[Result "1-0"]
[WhiteElo "2231"]
[BlackElo "1931"]
[EventDate "2023.03.03"]
[PlyCount "91"]

1.Nf3 c5 2.c4 Nf6 3.Nc3 Nc6 4.d4 cxd4 5.Nxd4 a6 6.e4 d6 7.Be2 g6 8.O-O Bg7
9.Be3 O-O 10.h3 Nxd4 11.Bxd4 Be6 12.b3 Nd7 13.f4 Bxd4+ 14.Qxd4 Qb6 15.Qxb6
Nxb6 16.f5 Bd7 17.f6 exf6 18.Rxf6 Be6 19.Rd1 Rad8 20.Rf3 Nc8 21.Rfd3 Rde8 
22.Bf3 Re7 23.Nd5 Bxd5 24.Rxd5 Rfe8 25.R1d4 h5 26.a4 b6 27.a5 Kg7 28.axb6 
Rb7 29.e5 Nxb6 30.Rxd6 Rbb8 31.c5 Nc8 32.Rd8 Ne7 33.Rxb8 Rxb8 34.b4 Kf8 
35.g4 hxg4 36.hxg4 g5 37.Be4 Nc8 38.c6 Ke7 39.c7 Rb5 40.Bf5 Rxe5 41.Bxc8 
Re1+ 42.Kf2 Rc1 43.Bxa6 Rxc7 44.Bd3 Ke6 45.b5 Ke5 46.Rb4 1-0

[Event "23rd EUR-ch"]
[Site "Vrnjacka Banja SRB"]
[Date "2023.03.08"]
[Round "6.208"]
[White "Butolo, Alexandru-Mircea"]
[Black "Nadj Hedjesi, Balind"]
[Result "0-1"]
[WhiteElo "2027"]
[BlackElo "2223"]
[EventDate "2023.03.03"]
[PlyCount "118"]

1.e4 c5 2.Nf3 d6 3.d4 cxd4 4.Nxd4 Nf6 5.Nc3 Bd7 6.Be2 Nc6 7.Be3 a6 8.f4 e5
9.Nb3 Be7 10.Nd5 Nxd5 11.exd5 Na5 12.fxe5 Nxb3 13.axb3 dxe5 14.O-O Qc7 15.
c4 O-O 16.Qd2 Bc5 17.b4 Bxe3+ 18.Qxe3 f5 19.c5 Rae8 20.Rac1 f4 21.Qd2 Kh8 
22.d6 Qd8 23.Rce1 Bc6 24.Bh5 Re6 25.Bg4 Ree8 26.Bh5 Re6 27.Bg4 Ree8 28.d7 
Re7 29.b5 axb5 30.Ra1 h5 31.Bh3 Bxd7 32.Rfd1 Rff7 33.Qe2 f3 34.Qe4 f2+ 35.
Kf1 Qe8 36.Qe2 Bxh3 37.Qxh5+ Kg8 38.Qxh3 e4 39.Qe3 b4 40.Rd2 Qb5+ 41.Qe2 
Qxc5 42.Rd8+ Kh7 43.Rad1 Rf5 44.g4 Rf3 45.R8d5 Qc8 46.Rd7 Re5 47.h3 Rxh3 
48.Kg2 Rf3 49.Qf1 Rf6 50.Qh1+ Rh6 51.Qf1 Qc6 52.Kg3 Qf6 53.Qe2 Qh4+ 54.Kf4
Qh2+ 55.Ke3 Rf6 56.Kd4 Qf4 57.Rh1+ Kg8 58.Qc2 b3 59.Rxg7+ Kxg7 0-1

[Event "23rd EUR-ch"]
[Site "Vrnjacka Banja SRB"]
[Date "2023.03.08"]
[Round "6.209"]
[White "Tifferet, Shaked"]
[Black "Velkoski, Stojan"]
[Result "1-0"]
[WhiteElo "2219"]
[BlackElo "1868"]
[EventDate "2023.03.03"]
[PlyCount "91"]

1.c4 Nf6 2.Nc3 d5 3.cxd5 Nxd5 4.Nf3 g6 5.h4 h5 6.d3 Bg7 7.Bd2 c5 8.g3 O-O 
9.Bg2 Nxc3 10.Bxc3 Nc6 11.Bxg7 Kxg7 12.O-O Bg4 13.Rc1 b6 14.d4 Bxf3 15.
Bxf3 Nxd4 16.Bxa8 Qxa8 17.b4 Qe4 18.Re1 cxb4 19.Qd2 a5 20.Rc7 Rd8 21.Qe3 
Qxe3 22.fxe3 Nf5 23.Kf2 Rd2 24.e4 Nd6 25.Rxe7 Kf6 26.Rc7 Rxa2 27.Rd1 Nxe4+
28.Kf3 Nc5 29.Rd6+ Ne6 30.Rxb6 Ra3+ 31.e3 b3 32.Ra7 a4 33.Rbb7 Nd8 34.Rb4 
Ra1 35.Raxa4 b2 36.Rb6+ Ne6 37.Rab4 Rf1+ 38.Kg2 Re1 39.Kf2 Rh1 40.Rxb2 Kf5
41.Kg2 Rc1 42.Rf2+ Ke4 43.Rxf7 Nc5 44.Rxg6 Kxe3 45.Rf3+ Ke2 46.Rc6 1-0

[Event "23rd EUR-ch"]
[Site "Vrnjacka Banja SRB"]
[Date "2023.03.08"]
[Round "6.210"]
[White "Perkampus, Laurin"]
[Black "Bozic, Sasa"]
[Result "1-0"]
[WhiteElo "2189"]
[BlackElo "1839"]
[EventDate "2023.03.03"]
[PlyCount "101"]

1.d4 d5 2.c4 e6 3.Nc3 Nf6 4.cxd5 exd5 5.Bg5 Be7 6.e3 c6 7.Bd3 Be6 8.Nge2 
Nbd7 9.O-O O-O 10.h3 Ne8 11.Bxe7 Qxe7 12.Nf4 Ndf6 13.Nxe6 Qxe6 14.b4 Nd6 
15.a4 a6 16.b5 Nfe4 17.Bxe4 Nxe4 18.Nxe4 dxe4 19.bxc6 Qxc6 20.d5 Qd6 21.
Qd4 Rfd8 22.Rfd1 f5 23.Rab1 Rd7 24.Rb6 Qe7 25.d6 Qf7 26.Rc1 Rad8 27.Rc5 g6
28.g3 Qf8 29.Qd5+ Kh8 30.Rxb7 Qxd6 31.Rxd7 Rxd7 32.Rc8+ Kg7 33.Qg8+ Kh6 
34.Rc1 Rd8 35.Qf7 Rd7 36.Qc4 Qd2 37.Rb1 Qd6 38.Rc1 Qd2 39.Rb1 Qd6 40.Kg2 
Rc7 41.Qb3 Qd3 42.Qb8 Qd7 43.Qf8+ Qg7 44.Qd6 Qc3 45.Qxa6 Qd3 46.Qb6 Rc2 
47.Qb4 Qxe3 48.Qf8+ Kh5 49.g4+ Kh4 50.Qe7+ Qg5 51.Qxh7+ 1-0

[Event "23rd EUR-ch"]
[Site "Vrnjacka Banja SRB"]
[Date "2023.03.08"]
[Round "6.211"]
[White "Alexakis, Dimitrios"]
[Black "Lorenz, Roger"]
[Result "1-0"]
[WhiteElo "2024"]
[BlackElo "2180"]
[EventDate "2023.03.03"]
[PlyCount "45"]

1.e4 e6 2.d4 d5 3.e5 c5 4.c3 Nc6 5.Nf3 Qb6 6.Bd3 cxd4 7.cxd4 Bd7 8.O-O 
Nxd4 9.Nxd4 Qxd4 10.Nc3 a6 11.Qe2 Ne7 12.Kh1 Nc6 13.f4 Bc5 14.a3 Ba7 15.
Bd2 b5 16.b4 Rc8 17.Bxb5 axb5 18.Nxb5 Qb6 19.Nd6+ Ke7 20.b5 Nd4 21.Qh5 
Rhf8 22.Qg5+ f6 23.Qxg7+ 1-0

[Event "23rd EUR-ch"]
[Site "Vrnjacka Banja SRB"]
[Date "2023.03.08"]
[Round "6.212"]
[White "Deveci, Huseyin Said"]
[Black "Androutsopoulos-Agiotatos, Vasil"]
[Result "1/2-1/2"]
[WhiteElo "1913"]
[BlackElo "2161"]
[EventDate "2023.03.03"]
[PlyCount "55"]

1.e4 e5 2.Nc3 Nc6 3.Bb5 Nge7 4.Nf3 Ng6 5.d4 Nxd4 6.Nxd4 exd4 7.Qxd4 c6 8.
Bc4 Qb6 9.Qxb6 axb6 10.O-O b5 11.Be2 Bc5 12.Nd1 h5 13.Be3 Be7 14.f4 d6 15.
Bd4 Kf8 16.h3 Bd7 17.Be3 f5 18.Bd3 fxe4 19.Bxe4 Kf7 20.Nf2 Rae8 21.Rae1 
Bh4 22.Bd3 Ne7 23.Ne4 Nf5 24.Bf2 Bxf2+ 25.Kxf2 h4 26.Ng5+ Kf6 27.Bxf5 Bxf5
28.c3 1/2-1/2

[Event "23rd EUR-ch"]
[Site "Vrnjacka Banja SRB"]
[Date "2023.03.08"]
[Round "6.213"]
[White "Noy, Eyal"]
[Black "Tabakovski, Dino"]
[Result "1-0"]
[WhiteElo "2161"]
[BlackElo "1692"]
[EventDate "2023.03.03"]
[PlyCount "95"]

1.d3 c5 2.c4 g6 3.g3 Bg7 4.Bg2 Nc6 5.Nc3 d6 6.Nf3 Nf6 7.O-O Rb8 8.d4 O-O 
9.b3 Bf5 10.Bb2 cxd4 11.Nxd4 Nxd4 12.Qxd4 Ne4 13.Qe3 Nc5 14.Qd2 Qa5 15.
Rfd1 Rfd8 16.e4 Bg4 17.f3 Bd7 18.Qc2 b5 19.cxb5 Bxb5 20.Nd5 Bxb2 21.Qxb2 
Bc6 22.Ne3 Qb6 23.Qd2 a5 24.Kh1 a4 25.Nc4 Qa6 26.Na5 axb3 27.axb3 Qb6 28.
Rdb1 Bb5 29.b4 Nd3 30.Bf1 Ne5 31.Bxb5 Qxb5 32.f4 Nd3 33.Nb3 Qxb4 34.Qxd3 
Rbc8 35.Nd4 Qc5 36.Rb5 Qc7 37.Ne2 Qd7 38.Kg2 Rc7 39.Rc1 Ra7 40.Rb3 Rda8 
41.Rbc3 h5 42.Qd4 Kh7 43.Rc8 f6 44.Rxa8 Rxa8 45.Qd5 Qg4 46.Rc2 Ra3 47.Qf7+
Kh6 48.Qf8+ 1-0

[Event "23rd EUR-ch"]
[Site "Vrnjacka Banja SRB"]
[Date "2023.03.08"]
[Round "6.214"]
[White "Gramb, Marius"]
[Black "Mandryka, Vladislav"]
[Result "1-0"]
[WhiteElo "2159"]
[BlackElo "1465"]
[EventDate "2023.03.03"]
[PlyCount "121"]

1.e4 e5 2.Nf3 Nc6 3.Bb5 a6 4.Ba4 d6 5.O-O Bd7 6.c3 Nf6 7.Re1 g6 8.h3 Bg7 
9.d4 O-O 10.Nbd2 exd4 11.cxd4 Nb4 12.Bxd7 Qxd7 13.Qb3 a5 14.a3 Nc6 15.Nf1 
a4 16.Qc2 Na5 17.Bg5 Nb3 18.Rad1 b5 19.N1d2 Na5 20.Rc1 Rac8 21.d5 h6 22.
Be3 c5 23.dxc6 Nxc6 24.Qb1 Rfe8 25.b4 d5 26.exd5 Nxd5 27.Qd3 Nce7 28.Ne4 
Qf5 29.Nd4 Bxd4 30.Qxd4 Qh5 31.Nd6 Rxc1 32.Rxc1 Rd8 33.Nxb5 Nf5 34.Qd1 
Nfxe3 35.Qxh5 gxh5 36.fxe3 Nxe3 37.Kf2 Nf5 38.Rc5 Nd4 39.Nxd4 Rxd4 40.Ra5 
Rd2+ 41.Kf1 Kf8 42.Rxa4 Ke7 43.Ra5 Ra2 44.h4 Kd7 45.Ra6 Kd8 46.b5 Rb2 47.
a4 Rb4 48.g3 Ke8 49.b6 f5 50.a5 Kd7 51.Ra7+ Kc8 52.Rc7+ Kb8 53.Rc5 f4 54.
Rxh5 fxg3 55.Rxh6 Kb7 56.Rh5 Rb2 57.Rg5 Ra2 58.Kg1 Kb8 59.h5 Kb7 60.h6 Rh2
61.Rg7+ 1-0

[Event "23rd EUR-ch"]
[Site "Vrnjacka Banja SRB"]
[Date "2023.03.08"]
[Round "6.215"]
[White "Mitrovic, Marjan"]
[Black "Lazovic, Emilija"]
[Result "1-0"]
[WhiteElo "2208"]
[BlackElo "1594"]
[EventDate "2023.03.03"]
[PlyCount "137"]

1.d4 d5 2.c4 c6 3.Nf3 Nf6 4.Qc2 g6 5.e3 Bf5 6.Bd3 Bxd3 7.Qxd3 Bg7 8.O-O 
O-O 9.Nc3 Nbd7 10.b3 Rc8 11.Bb2 Nb6 12.c5 Nbd7 13.b4 Ng4 14.h3 Nh6 15.e4 
dxe4 16.Qxe4 Nf6 17.Qe2 e6 18.a3 Nf5 19.Rad1 Qc7 20.Bc1 Rfd8 21.g3 Nd5 22.
Ne4 Nf6 23.Bg5 Nxe4 24.Bxd8 Nc3 25.Qd3 Rxd8 26.Qxc3 Nxg3 27.Rfe1 Nf5 28.
Re4 Rd5 29.Rd3 Qd8 30.Kf1 Bf6 31.a4 Qd7 32.Ke2 a6 33.Qc4 Bg7 34.Qc3 Bf6 
35.Qd2 Qd8 36.Qf4 Qd7 37.Kd1 Qd8 38.Kc2 Qd7 39.h4 Qd8 40.Kc3 Qd7 41.h5 Qe7
42.hxg6 hxg6 43.Ne5 Qd8 44.Nc4 Qe7 45.Ne3 Nxe3 46.fxe3 Bg5 47.Qg3 Bf6 48.
Kc2 Qd8 49.Rg4 Qd7 50.Qf2 Bg7 51.Rf4 Bh6 52.Rf3 Bg7 53.Qf1 Qe8 54.Rd2 Rd8 
55.Rdf2 Rd7 56.Qc4 Qc8 57.Rd2 Qd8 58.Qe2 Qg5 59.Qc4 Qh4 60.Rf4 Qg5 61.Rdf2
Qd8 62.Qf1 Qe8 63.Qh3 Qd8 64.Rh2 e5 65.Rh4 Kf8 66.Rh8+ Bxh8 67.Qxh8+ Ke7 
68.Qxe5+ Kf8 69.Rh8# 1-0

[Event "23rd EUR-ch"]
[Site "Vrnjacka Banja SRB"]
[Date "2023.03.08"]
[Round "6.216"]
[White "Martinkus, Rolandas"]
[Black "Krstic, Milos"]
[Result "0-1"]
[WhiteElo "1985"]
[BlackElo "2198"]
[EventDate "2023.03.03"]
[PlyCount "58"]

1.Nf3 Nf6 2.c4 e6 3.e3 d5 4.Nc3 dxc4 5.Bxc4 c5 6.O-O a6 7.a4 Nc6 8.d4 cxd4
9.exd4 Nb4 10.Re1 Be7 11.Bg5 O-O 12.Ne5 b6 13.Qf3 Rb8 14.Rad1 Bb7 15.Qh3 
Nfd5 16.Bc1 Rc8 17.Bb3 Bg5 18.f4 Bh4 19.Re2 Bf6 20.Ne4 Rxc1 21.Rxc1 Nxf4 
22.Nxf6+ Qxf6 23.Qe3 Nxe2+ 24.Qxe2 Qf4 25.Rc4 Nd5 26.Nd3 Qg5 27.a5 Ne3 28.
Rc7 Bxg2 29.h4 Qg3 0-1

[Event "23rd EUR-ch"]
[Site "Vrnjacka Banja SRB"]
[Date "2023.03.08"]
[Round "6.217"]
[White "Celik, Ali Alper"]
[Black "Manko, Mariia"]
[Result "1/2-1/2"]
[WhiteElo "1961"]
[BlackElo "2159"]
[EventDate "2023.03.03"]
[PlyCount "94"]

1.e4 c5 2.Nc3 Nc6 3.Bb5 g6 4.Bxc6 dxc6 5.d3 e5 6.Be3 Qe7 7.Qd2 Bg7 8.Nge2 
Nf6 9.h3 Nd7 10.O-O-O Nf8 11.f4 f6 12.fxe5 fxe5 13.Bg5 Bf6 14.Bxf6 Qxf6 
15.Rhf1 Qe7 16.Rf2 Be6 17.Rdf1 O-O-O 18.Qe3 b6 19.Qg3 Qd6 20.Ng1 Nd7 21.
Nf3 Rhf8 22.Qh4 Bg8 23.Qg3 Rde8 24.Kb1 Nf6 25.b3 Nh5 26.Qh2 Kc7 27.Kb2 b5 
28.Rd1 Nf4 29.Rfd2 Qf6 30.Qg1 Ne6 31.b4 Nd4 32.bxc5 Nxf3 33.gxf3 Qe6 34.a3
a5 35.d4 b4 36.axb4 axb4 37.Nb1 Qa2+ 38.Kc1 Rb8 39.Qe3 Qa1 40.Qg5 Rbe8 41.
d5 b3 42.cxb3 Rxf3 43.d6+ Kb7 44.Rd3 Rf2 45.R3d2 Rf3 46.Rd3 Rf2 47.R3d2 
Rf3 1/2-1/2

[Event "23rd EUR-ch"]
[Site "Vrnjacka Banja SRB"]
[Date "2023.03.08"]
[Round "6.218"]
[White "Antonioudakis, Georgios"]
[Black "Srdanovic, Jovana"]
[Result "1-0"]
[WhiteElo "1953"]
[BlackElo "2146"]
[EventDate "2023.03.03"]
[PlyCount "73"]

1.e4 c5 2.Nf3 e6 3.d4 cxd4 4.Nxd4 a6 5.Bd3 Nc6 6.Nxc6 bxc6 7.O-O d5 8.Re1 
Nf6 9.e5 Nd7 10.c3 Qc7 11.Bf4 Rb8 12.b3 a5 13.Nd2 Nc5 14.Bc2 Ba6 15.Nf3 h6
16.h4 Be7 17.Qd2 Nd7 18.h5 c5 19.a3 Nb6 20.Nh2 Qd8 21.Re3 a4 22.Rg3 Bf8 
23.b4 Bb5 24.Qd1 Ra8 25.Nf3 Qc7 26.bxc5 Nc4 27.Nd4 Bd7 28.Nf5 Qxc5 29.
Nxg7+ Bxg7 30.Rxg7 Qf8 31.Qg4 Nxa3 32.Bd3 Kd8 33.Be3 Kc7 34.Qd4 Qxg7 35.
Qb6+ Kc8 36.Ba6+ Rxa6 37.Qxa6+ 1-0

[Event "23rd EUR-ch"]
[Site "Vrnjacka Banja SRB"]
[Date "2023.03.08"]
[Round "6.219"]
[White "Bozanic, Jovan"]
[Black "Lorscheid, Gerhard"]
[Result "0-1"]
[WhiteElo "1934"]
[BlackElo "2140"]
[EventDate "2023.03.03"]
[PlyCount "80"]

1.e4 d6 2.d4 Nf6 3.Nc3 e5 4.Nf3 Nbd7 5.g4 Nxg4 6.Rg1 Ngf6 7.Bc4 h6 8.Be3 
c6 9.a4 Qa5 10.Nd2 exd4 11.Bxd4 Ne5 12.Qe2 Bg4 13.f3 Bh5 14.Qe3 g5 15.
O-O-O Be7 16.Be2 Rg8 17.Kb1 Bg6 18.h4 Nfd7 19.Rg2 a6 20.Nb3 Qc7 21.a5 
O-O-O 22.Na4 Rde8 23.Ba7 c5 24.Nc3 Bd8 25.Nd5 Qc6 26.Qc3 f5 27.Nd2 Qa4 28.
Bb6 Nxb6 29.axb6 fxe4 30.fxe4 Qc6 31.Qa5 Kb8 32.Rg3 Bf7 33.Nc4 Nxc4 34.
Bxc4 Rxe4 35.Rf3 Bh5 36.Re3 Rxc4 37.Rd2 Qa4 38.Qxa4 Rxa4 39.Re6 gxh4 40.b3
Rd4 0-1

[Event "23rd EUR-ch"]
[Site "Vrnjacka Banja SRB"]
[Date "2023.03.08"]
[Round "6.220"]
[White "Djordjevic, Nevena"]
[Black "Jovanovic, Sasa T."]
[Result "1/2-1/2"]
[WhiteElo "1889"]
[BlackElo "2130"]
[EventDate "2023.03.03"]
[PlyCount "73"]

1.d4 e6 2.Nf3 Nf6 3.a3 d5 4.c4 dxc4 5.e3 a6 6.Bxc4 b5 7.Bd3 Bb7 8.b4 Nbd7 
9.O-O Be7 10.Bb2 O-O 11.Nbd2 c5 12.dxc5 Nxc5 13.Be2 Na4 14.Bd4 Nd5 15.Rc1 
Bf6 16.Qb3 Bxd4 17.Nxd4 Nf4 18.Bf3 Bxf3 19.N2xf3 Nd5 20.Rfd1 Qf6 21.Rc2 h6
22.h3 Nab6 23.Rdc1 Nc4 24.a4 Rab8 25.axb5 axb5 26.Rb1 Rb6 27.Nd2 Nxd2 28.
Rxd2 Ra8 29.Ra2 Rc8 30.Rc2 Rcb8 31.Qd3 g6 32.Rc5 Qe7 33.Rxb5 Rxb5 34.Nxb5 
Nxb4 35.Qd6 Qxd6 36.Nxd6 Nc6 37.Rxb8+ 1/2-1/2

[Event "23rd EUR-ch"]
[Site "Vrnjacka Banja SRB"]
[Date "2023.03.08"]
[Round "6.221"]
[White "Krunic, Dusan"]
[Black "Sertbay, Huseyin"]
[Result "1-0"]
[WhiteElo "2116"]
[BlackElo "2016"]
[EventDate "2023.03.03"]
[PlyCount "117"]

1.e4 e5 2.Nf3 Nc6 3.c3 Nf6 4.d4 exd4 5.e5 Nd5 6.Bc4 Nb6 7.Bb3 d5 8.cxd4 
Be7 9.Be3 O-O 10.h3 a5 11.Nc3 f6 12.Rc1 Kh8 13.a3 fxe5 14.dxe5 d4 15.Nxd4 
Nxe5 16.O-O Nbc4 17.Qe2 Nxe3 18.Qxe3 Ng6 19.Ne4 c6 20.Rcd1 Qb6 21.Ne6 Qxe3
22.fxe3 Bxe6 23.Bxe6 Rad8 24.Rxd8 Bxd8 25.Nd6 Rxf1+ 26.Kxf1 Bf6 27.b3 b6 
28.Nf7+ Kg8 29.Nd8+ Kf8 30.Nxc6 Ne5 31.Nd4 Ke7 32.Bg8 h6 33.Ke2 Kd6 34.
Nf5+ Kc5 35.Ng3 Be7 36.Ne4+ Kc6 37.a4 Nd7 38.Bc4 Nf6 39.Ng3 Kc5 40.Kf3 Nd7
41.Ke4 Kb4 42.Nf5 Bf8 43.Kd5 Nc5 44.Nd4 g6 45.e4 Bg7 46.e5 Kc3 47.Ne2+ Kb4
48.e6 Bf6 49.Nc1 Kc3 50.Ne2+ Kb4 51.Nd4 Kc3 52.Nc6 Nxb3 53.e7 Bxe7 54.Nxe7
Nc5 55.Bb5 Kb3 56.Kc6 Nxa4 57.Nd5 Nc5 58.Nxb6 Ne6 59.Bc4+ 1-0

[Event "23rd EUR-ch"]
[Site "Vrnjacka Banja SRB"]
[Date "2023.03.08"]
[Round "6.222"]
[White "Janjic, Stefan"]
[Black "Stoychev, Ognian"]
[Result "1/2-1/2"]
[WhiteElo "2115"]
[BlackElo "1952"]
[EventDate "2023.03.03"]
[PlyCount "45"]

1.d4 Nf6 2.Nf3 e6 3.c4 Bb4+ 4.Bd2 Qe7 5.g3 O-O 6.Bg2 Bxd2+ 7.Qxd2 d6 8.Nc3
e5 9.O-O Re8 10.e4 Bg4 11.Ne1 exd4 12.Qxd4 Na6 13.Nc2 Qe5 14.f3 Bd7 15.
Rfd1 Qxd4+ 16.Nxd4 Nc5 17.Rd2 a5 18.Rc1 g6 19.Bf1 Re7 20.g4 h6 21.Nc2 Bc6 
22.Ne3 Kg7 23.b3 1/2-1/2

[Event "23rd EUR-ch"]
[Site "Vrnjacka Banja SRB"]
[Date "2023.03.08"]
[Round "6.223"]
[White "Mitrovic, Vladan"]
[Black "Veleski, Robert"]
[Result "1/2-1/2"]
[WhiteElo "1871"]
[BlackElo "2106"]
[EventDate "2023.03.03"]
[PlyCount "39"]

1.Nf3 Nf6 2.g3 b6 3.Bg2 Bb7 4.O-O e6 5.b3 Be7 6.Bb2 d6 7.d3 Nbd7 8.Nbd2 
O-O 9.Re1 c5 10.c4 Qc7 11.e4 e5 12.Nh4 Rfe8 13.Nf5 Bf8 14.Nb1 Nb8 15.Nc3 
Nc6 16.Ne3 Nd4 17.Ncd5 Qd8 18.Nxf6+ Qxf6 19.Bxd4 cxd4 20.Nd5 1/2-1/2

[Event "23rd EUR-ch"]
[Site "Vrnjacka Banja SRB"]
[Date "2023.03.08"]
[Round "6.224"]
[White "Leskovac, Nikola"]
[Black "Bleuzen, Erwan"]
[Result "1-0"]
[WhiteElo "2103"]
[BlackElo "1937"]
[EventDate "2023.03.03"]
[PlyCount "87"]

1.e4 e5 2.Nf3 Nf6 3.Nxe5 d6 4.Nf3 Nxe4 5.d4 d5 6.Bd3 Bd6 7.O-O O-O 8.c4 c6
9.Nc3 Bg4 10.Nxe4 dxe4 11.Bxe4 Re8 12.Bc2 Nd7 13.Qd3 Nf8 14.h3 Bh5 15.Bd2 
h6 16.Rfe1 Qf6 17.Bc3 Qf4 18.Bd2 Qf6 19.Rxe8 Rxe8 20.Re1 Rxe1+ 21.Nxe1 c5 
22.Be3 Qe7 23.Qe4 cxd4 24.Qxe7 Bxe7 25.Bxd4 b6 26.g4 Bg6 27.Bxg6 Nxg6 28.
Nc2 Bd6 29.Kf1 Ne5 30.Bxe5 Bxe5 31.b3 Kf8 32.Ke2 Ke7 33.Ne1 Ke6 34.Nd3 Bd6
35.f4 f5 36.Kf3 Kf6 37.b4 Ke6 38.a3 a5 39.c5 axb4 40.gxf5+ Kd7 41.axb4 
bxc5 42.bxc5 Be7 43.Ke4 Kc6 44.Kd4 1-0

[Event "23rd EUR-ch"]
[Site "Vrnjacka Banja SRB"]
[Date "2023.03.08"]
[Round "6.225"]
[White "Kosovic, Miroslav"]
[Black "Popovic, Igor"]
[Result "1-0"]
[WhiteElo "2100"]
[BlackElo "1831"]
[EventDate "2023.03.03"]
[PlyCount "85"]

1.e4 c5 2.Nf3 e6 3.d4 cxd4 4.Nxd4 Nf6 5.Nc3 d6 6.Be2 a6 7.O-O Nbd7 8.f4 b5
9.a3 Bb7 10.Bf3 Be7 11.Kh1 Rc8 12.Qe1 O-O 13.e5 Nd5 14.Nxd5 Bxd5 15.Bxd5 
exd5 16.Nf5 dxe5 17.fxe5 Rxc2 18.Qg3 g6 19.Bh6 Re8 20.e6 fxe6 21.Nd4 Rxb2 
22.Nxe6 Qb6 23.Qc3 d4 24.Qxb2 Qxe6 25.Rae1 Qc4 26.Qf2 Nf6 27.Rxe7 Rxe7 28.
Qxf6 Qf7 29.Qxf7+ Rxf7 30.Rxf7 Kxf7 31.Bd2 Ke6 32.Kg1 Ke5 33.Kf2 Ke4 34.
Ke2 d3+ 35.Kd1 Kd4 36.Kc1 a5 37.Bxa5 Ke3 38.Kd1 Kf2 39.g4 Kf3 40.g5 Ke3 
41.Bd8 Kf3 42.Kd2 Kg2 43.Bc7 1-0

[Event "23rd EUR-ch"]
[Site "Vrnjacka Banja SRB"]
[Date "2023.03.08"]
[Round "6.226"]
[White "Sekelja, Marko"]
[Black "Kovac, Mihael"]
[Result "1-0"]
[WhiteElo "2089"]
[BlackElo "1784"]
[EventDate "2023.03.03"]
[PlyCount "67"]

1.e4 c5 2.c3 e6 3.d4 d5 4.e5 Nc6 5.Nf3 Nge7 6.a3 a5 7.Bd3 b6 8.O-O Ba6 9.
Bxa6 Rxa6 10.Be3 Nf5 11.Qe2 Ra8 12.Nbd2 Nxe3 13.fxe3 Be7 14.a4 O-O 15.Nb1 
f6 16.exf6 Bxf6 17.Na3 e5 18.Nb5 e4 19.Nd2 Qe7 20.c4 cxd4 21.cxd5 d3 22.
Qg4 Nb4 23.d6 Qe5 24.Nc4 Qg5 25.Qe6+ Kh8 26.Nc7 Rac8 27.Qxe4 Nc2 28.Rad1 
Qg6 29.Qxg6 hxg6 30.Rxd3 Nb4 31.Rd2 Rg8 32.Nxb6 Bg5 33.Ne6 Bf6 34.b3 1-0

[Event "23rd EUR-ch"]
[Site "Vrnjacka Banja SRB"]
[Date "2023.03.08"]
[Round "6.227"]
[White "Jeremic, Milan"]
[Black "Gogic, Anastasija"]
[Result "1-0"]
[WhiteElo "2052"]
[BlackElo "1772"]
[EventDate "2023.03.03"]
[PlyCount "74"]

1.d4 Nf6 2.Bf4 e6 3.e3 c5 4.c3 Nc6 5.Nf3 d5 6.Bd3 Bd6 7.Bg3 O-O 8.Nbd2 b6 
9.Qe2 cxd4 10.exd4 Ne7 11.Ne5 Nf5 12.f4 g6 13.Bf2 Nh5 14.g3 f6 15.Nef3 Qc7
16.O-O Bxf4 17.Bxf5 gxf5 18.gxf4 Nxf4 19.Qe1 Ba6 20.Bg3 Qg7 21.Kh1 Bxf1 
22.Nxf1 Qg4 23.Qe3 Nh3 24.Qxe6+ Kh8 25.Nh4 Qe4+ 26.Qxe4 fxe4 27.Ne3 Rad8 
28.Re1 f5 29.Nhxf5 h5 30.Kg2 Ng5 31.Bh4 Rg8 32.Ne7 Nf3+ 33.Nxg8 Rxg8+ 34.
Bg3 h4 35.Nxd5 hxg3 36.hxg3 Rg5 37.Nf6 Nd2 1-0

[Event "23rd EUR-ch"]
[Site "Vrnjacka Banja SRB"]
[Date "2023.03.08"]
[Round "6.228"]
[White "Grozdanovic, Anastasia"]
[Black "Pirvulescu, Adrian"]
[Result "1/2-1/2"]
[WhiteElo "2050"]
[BlackElo "1738"]
[EventDate "2023.03.03"]
[PlyCount "86"]

1.d4 d5 2.c4 dxc4 3.Nf3 Nf6 4.e3 e6 5.Bxc4 a6 6.O-O c5 7.Qe2 b5 8.Bb3 Nbd7
9.a4 Bb7 10.axb5 axb5 11.Rxa8 Qxa8 12.Nc3 Bxf3 13.gxf3 b4 14.Nb5 Qb7 15.e4
cxd4 16.e5 d3 17.Qe1 Qxb5 18.exf6 gxf6 19.Bxe6 Ne5 20.Bg4 Be7 21.Qe4 Qc6 
22.Qxc6+ Nxc6 23.Bf5 Ne5 24.Be4 f5 25.Bd5 Rg8+ 26.Kh1 Rg6 27.Re1 Nd7 28.
Bd2 Kf8 29.Rc1 Rd6 30.Ba2 Ra6 31.Bc4 Rc6 32.Bf4 Nb6 33.Bxd3 Rxc1+ 34.Bxc1 
Bc5 35.Kg2 Na4 36.Bxf5 Bd4 37.b3 Nc5 38.Bc2 Bc3 39.Be3 Ne6 40.Bxh7 Nd4 41.
Bxd4 Bxd4 42.Bd3 Kg7 43.f4 f6 1/2-1/2

[Event "23rd EUR-ch"]
[Site "Vrnjacka Banja SRB"]
[Date "2023.03.08"]
[Round "6.229"]
[White "Kamenov, Valentin"]
[Black "Kostic, Milutin B."]
[Result "0-1"]
[WhiteElo "1704"]
[BlackElo "2049"]
[EventDate "2023.03.03"]
[PlyCount "82"]

1.Nf3 Nf6 2.g3 b5 3.a4 b4 4.Bg2 Bb7 5.c3 Na6 6.d4 e6 7.O-O c5 8.Bg5 Qb6 9.
Bxf6 gxf6 10.Nbd2 d5 11.Re1 Be7 12.e4 dxe4 13.Nxe4 O-O 14.a5 Qc7 15.dxc5 
Nxc5 16.Nxc5 Bxc5 17.a6 Bd5 18.cxb4 Bxb4 19.Re2 Rfd8 20.Qa4 Rab8 21.Rc2 
Qd7 22.Qxd7 Rxd7 23.Nh4 Rb5 24.Rd1 Ba5 25.Bf1 Rb8 26.Rdc1 Kg7 27.Be2 Be4 
28.Rc4 f5 29.Ra4 Bd2 30.Rd1 Bc2 31.Rda1 Bxa4 32.Rxa4 Rxb2 33.Nf3 Bb4 34.
Kf1 Rc7 35.Ra1 Rcc2 36.Ng1 Bc5 37.h4 Bb6 38.Rd1 e5 39.Re1 f4 40.gxf4 exf4 
41.Nf3 Ba5 0-1

[Event "23rd EUR-ch"]
[Site "Vrnjacka Banja SRB"]
[Date "2023.03.08"]
[Round "6.230"]
[White "Ciric, Pavle"]
[Black "Lakusic, Zoran"]
[Result "1-0"]
[WhiteElo "2037"]
[BlackElo "1641"]
[EventDate "2023.03.03"]
[PlyCount "41"]

1.Nf3 d5 2.g3 Nc6 3.d4 Nf6 4.Bg2 g6 5.c4 Bg7 6.cxd5 Nxd5 7.e4 Nb6 8.d5 Ne5
9.Nxe5 Bxe5 10.Nc3 h5 11.Be3 a6 12.Bd4 Bxd4 13.Qxd4 O-O 14.O-O Bd7 15.a4 
Qc8 16.a5 Na4 17.Nxa4 h4 18.Rac1 Bb5 19.Nb6 Qg4 20.Nxa8 hxg3 21.fxg3 1-0

[Event "23rd EUR-ch"]
[Site "Vrnjacka Banja SRB"]
[Date "2023.03.08"]
[Round "6.231"]
[White "Banov, Boil"]
[Black "Orlovic, Lucie"]
[Result "1-0"]
[WhiteElo "2016"]
[BlackElo "1004"]
[EventDate "2023.03.03"]
[PlyCount "67"]

1.d4 d5 2.Nf3 h6 3.Bf4 Nf6 4.e3 Bf5 5.c3 a6 6.Be2 e6 7.O-O Bd6 8.Nbd2 O-O 
9.Qb3 b5 10.a4 c6 11.axb5 cxb5 12.Bxb5 Qb6 13.Be2 Qxb3 14.Nxb3 Bxf4 15.
exf4 Bg4 16.Rfe1 Re8 17.Nc5 Nc6 18.Rxa6 Ne4 19.Rxc6 Bf5 20.h3 Nf6 21.Bd3 
Bh7 22.Bxh7+ Kxh7 23.Ne5 Nh5 24.g3 Ra2 25.b4 Kg8 26.b5 Raa8 27.b6 Rab8 28.
b7 Nf6 29.Rb1 Re7 30.Rc8+ Re8 31.Rxe8+ Rxe8 32.b8=Q Rxb8 33.Rxb8+ Kh7 34.
Nxf7 1-0

[Event "23rd EUR-ch"]
[Site "Vrnjacka Banja SRB"]
[Date "2023.03.08"]
[Round "6.232"]
[White "Alexandri, Dimitra"]
[Black "Lauda, Alexandr"]
[Result "0-1"]
[WhiteElo "1586"]
[BlackElo "2084"]
[EventDate "2023.03.03"]
[PlyCount "58"]

1.d4 d5 2.c4 Nc6 3.cxd5 Qxd5 4.e3 e5 5.Nc3 Bb4 6.a3 Bxc3+ 7.bxc3 Nf6 8.c4 
Qd6 9.d5 Ne7 10.a4 c5 11.Nf3 O-O 12.Bb2 Ng6 13.Be2 b6 14.O-O e4 15.Nd2 Ne5
16.h3 Re8 17.a5 Bf5 18.Nb3 Rab8 19.Ba3 h6 20.Qc2 Qd7 21.Nd2 Nf3+ 22.Kh1 
Nxd2 23.Qxd2 Bxh3 24.gxh3 Qxh3+ 25.Kg1 Ng4 26.Bxg4 Qxg4+ 27.Kh1 Qf3+ 28.
Kh2 Re5 29.Rfb1 Rg5 0-1